| 000 | 01635nam a22004337a 4500 | ||
|---|---|---|---|
| 001 | 19046033 | ||
| 003 | OSt | ||
| 005 | 20241030084815.0 | ||
| 008 | 160407s2017 mauab b 001 0 eng | ||
| 010 | _a 2016301532 | ||
| 020 | _a9780134444789 (high school binding : hbk.) | ||
| 020 | _a0134444787 (high school binding : hbk.) | ||
| 040 |
_aDLC _beng _erda _cDLC |
||
| 041 | _aeng | ||
| 042 | _apcc | ||
| 050 | 0 | 0 |
_aCB69 _b.S84 2017 |
| 080 |
_a008 _bW-83 |
||
| 100 | 1 |
_aStearns, Peter N., _eauthor. |
|
| 245 | 1 | 0 |
_aWorld civilizations : _bthe global experience / _cPeter N. Stearns, George Mason University ; Michael Adas, Rutgers University ; Stuart B. Schwartz, Yale University ; Marc Jason Gilbert, Hawaii Pacific University. |
| 250 | _aRevised AP edition. | ||
| 250 | _aSeventh edition. | ||
| 260 |
_aBoston : _bPearson, _c[2017] |
||
| 300 |
_a1 volume (various pagings) : 946 p. credits 4p. index 23p. _billustrations (some color), color maps ; _c29 cm |
||
| 336 |
_atext _btxt _2rdacontent |
||
| 337 |
_aunmediated _bn _2rdamedia |
||
| 338 |
_avolume _bnc _2rdacarrier |
||
| 500 | _aMap on lining papers. | ||
| 504 | _aIncludes bibliographical references and index. | ||
| 650 | 0 |
_aCivilization _xHistory. |
|
| 650 | 0 |
_aCivilization _xHistory _vSources. |
|
| 653 | _aცივილიზაცია | ||
| 653 | _aისტორია | ||
| 700 | 1 |
_aAdas, Michael, _d1943- _eauthor. |
|
| 700 | 1 |
_aSchwartz, Stuart B., _eauthor. |
|
| 700 | 1 |
_aGilbert, Marc Jason, _eauthor. |
|
| 906 |
_a7 _bcbc _corignew _d3 _encip _f20 _gy-gencatlg |
||
| 942 |
_2udc _cBK _e7 |
||
| 999 |
_c335 _d335 |
||